000
00312nam a22001457a 4500
008
210305b ||||| |||| 00| 0 eng d
020
_a
9780205591480
041
_a
eng
080
_a
070
082
_2
070
100
_a
39
101
_a
MED
245
_a
Mass Media Revolution
_c
Sterin,Ch.J
942
_2
udc
_c
BK
999
_c
55807
_d
55807